Entomology in the federal government (Record no. 171840)
[ view plain ]
| 000 -LEADER | |
|---|---|
| fixed length control field | 01396nam a2200337Ia 4500 |
| 020 ## - INTERNATIONAL STANDARD BOOK NUMBER | |
| -- | 781612094298 |
| 082 04 - DEWEY DECIMAL CLASSIFICATION NUMBER | |
| Classification number | 632/.7072073 |
| 245 00 - TITLE STATEMENT | |
| Title | Entomology in the federal government |
| 260 ## - PUBLICATION, DISTRIBUTION, ETC. (IMPRINT) | |
| Place of publication | New York : |
| Name of publisher | Nova Science Publishers, |
| Year of publication | c2010. |
| 300 ## - PHYSICAL DESCRIPTION | |
| Number of Pages | viii, 159 p. |
| 490 0# - SERIES STATEMENT | |
| Series statement | Insects and other terrestrial arthropods : biology, chemistry and behavior series |
| 650 #0 - SUBJECT ADDED ENTRY--TOPICAL TERM | |
| Topical Term | Entomology |
| 700 1# - ADDED ENTRY--PERSONAL NAME | |
| Personal name | Paredes, Jadon F. |
| 856 40 - ELECTRONIC LOCATION AND ACCESS | |
| Uniform Resource Identifier | http://site.ebrary.com/lib/rucke/Doc?id=10662862 |
No items available.
